|
|
|
|
| LEADER |
00000nam0a2200000 4500 |
| 001 |
358846 |
| 005 |
20231102011132.0 |
| 035 |
|
|
|a (RuTPU)RU\TPU\retro\16118
|
| 090 |
|
|
|a 358846
|
| 100 |
|
|
|a 20200828d1977 km y0rusy50 ca
|
| 101 |
0 |
|
|a rus
|
| 102 |
|
|
|a RU
|
| 105 |
|
|
|a a z 001zy
|
| 200 |
1 |
|
|a Наладка и эксплуатация аппаратуры ВЧА-СЧ
|f Н. Ф. Мельников
|g СССР, Министерство энергетики и электрификации ; Всесоюзный государственный трест по организации и рационализации районных электрических станций и сетей ; под ред. К. Я. Кафиевой, И. Л. Левиной
|
| 210 |
|
|
|a Москва
|c Энергия
|d 1977
|
| 215 |
|
|
|a 144 с.
|c ил.
|
| 320 |
|
|
|a Библиогр.: с. 142
|
| 606 |
1 |
|
|a Радиотелефонная связь
|2 stltpush
|3 (RuTPU)RU\TPU\subj\23180
|9 47817
|
| 610 |
1 |
|
|a высокочастотные кабели
|
| 610 |
1 |
|
|a высокочастотная связь
|
| 610 |
1 |
|
|a аппаратура
|
| 610 |
1 |
|
|a назначение
|
| 610 |
1 |
|
|a назначение
|
| 610 |
1 |
|
|a наладка
|
| 610 |
1 |
|
|a повреждения
|
| 675 |
|
|
|a 621.395
|v 4
|
| 700 |
|
1 |
|a Мельников
|b Н. Ф.
|g Николай Федорович
|
| 702 |
|
1 |
|a Кафиева
|b К. Я.
|4 340
|
| 702 |
|
1 |
|a Левина
|b И. Л.
|4 340
|
| 712 |
0 |
1 |
|a СССР
|b Министерство энергетики и электрификации
|c (1962-1991)
|2 stltpush
|3 (RuTPU)RU\TPU\col\2702
|9 23720
|
| 712 |
0 |
2 |
|a Всесоюзный государственный трест по организации и рационализации районных электрических станций и сетей
|c (Москва)
|c (1939-1977)
|2 stltpush
|3 (RuTPU)RU\TPU\col\8705
|9 24570
|
| 801 |
|
1 |
|a RU
|b 63413507
|c 20200828
|
| 801 |
|
2 |
|a RU
|b 63413507
|c 20210218
|g RCR
|
| 942 |
|
|
|c BK
|